[Event "Madrid"]
[Site "Madrid"]
[Date "1993.??.??"]
[Round "7"]
[White "Anand, Viswanathan"]
[Black "Izeta Txabarri, Felix"]
[Result "1-0"]
[WhiteElo "2710"]
[BlackElo "2505"]
[Annotator "Stohl,I"]
[PlyCount "51"]
[EventDate "1993.06.??"]
[EventType "tourn"]
[EventRounds "9"]
[EventCountry "ESP"]
[EventCategory "14"]
[SourceTitle "CBM 036"]
[Source "ChessBase"]
[SourceDate "1993.10.01"]
[SourceVersion "1"]
[SourceVersionDate "1993.10.01"]
[SourceQuality "1"]

1. e4 {Ftacnik} d6 2. d4 Nf6 3. Nc3 c6 4. f3 $5 e5 (4... Nbd7 $5 5. Be3 e5 6.
Qd2 (6. Nge2 b5 7. Ng3 h5 $5 8. Qd2 $6 h4 9. Nge2 b4 10. Nd1 d5 $1 11. exd5
Nxd5 12. Bf2 h3 13. Ne3 hxg2 14. Bxg2 Qg5 15. Nxd5 Qxd2+ 16. Kxd2 cxd5 17. dxe5
Nxe5 18. Rae1 Be6 19. f4 Ng4 20. Bg1 Bd6 $15 {Arencibia,W-Urday,H/Pamplona op/
1990/}) 6... Qc7 7. g4 h6 8. O-O-O b5 9. Nge2 Nb6 10. Ng3 g6 11. g5 hxg5 12.
Bxg5 Be7 13. f4 Bg4 14. fxe5 dxe5 15. Qf2 Nh5 16. Bxe7 Qxe7 17. Nxh5 Rxh5 18.
Be2 Bxe2 19. Nxe2 O-O-O $13 {Floreen,D-Urday,H/New York op/1993/}) (4... b5 5.
Be3 Qc7 6. Nge2 e5 7. g4 a5 8. Ng3 Ba6 9. Qd2 g6 10. O-O-O Nfd7 $6 11. d5 $1 b4
12. dxc6 bxc3 13. cxd7+ Nxd7 14. Qxc3 Qxc3 15. bxc3 Be7 16. Kd2 O-O 17. Rb1 $16
{Ehlvest,J-Rivas,M/Logrono/1991/}) 5. Be3 (5. dxe5 $5 dxe5 6. Qxd8+ Kxd8 7. Bc4
Ke8 8. Nge2 Nbd7 (8... b5 $142 $5 $132) 9. a4 a5 10. g4 $1 Nc5 11. h4 Be6 12.
Bxe6 Nxe6 13. h5 Bc5 14. Nd1 Ke7 15. Ne3 g6 16. Nc4 Nd7 17. Bd2 b6 18. O-O-O
$16 {Yudasin,L-Hodgson,J/Dos Hermanas/1992/}) 5... Be7 6. Qd2 (6. Nge2 Qc7 (
6... Na6 $6 7. Qd2 O-O 8. g4 Nc7 9. O-O-O b5 10. Ng3 exd4 11. Bxd4 b4 12. Nce2
Nb5 13. Qxb4 Nxd4 14. Qxd4 Qa5 15. Kb1 Be6 16. Nc1 c5 17. Qd2 $14 {Yudasin,
L-Ravisekhar,R/Novi Sad olm/1990/}) 7. Qd2 Nbd7 8. g4 Nf8 9. Ng3 h6 10. Nf5
Bxf5 11. gxf5 (11. exf5 $5 $36) 11... Nh5 12. O-O-O Nh7 13. Ne2 Bg5 14. f4 exf4
15. Nxf4 Nxf4 16. Bxf4 O-O-O 17. h4 Bxf4 18. Qxf4 Rhe8 19. Bg2 Re7 20. Rhg1 f6
$10 {Rasik,V-Chytilek,R/TCH-ch Luhacovice/1993/}) 6... O-O 7. O-O-O b5 8. g4
exd4 (8... b4 9. Nce2 exd4 10. Nxd4 c5 11. Nf5 $1 $36) 9. Qxd4 $5 (9. Bxd4 b4
10. Nce2 c5 $13 {/\} 11. Bxf6 Bxf6 12. Qxd6 Qa5 $44) 9... Be6 10. g5 Ne8 11. f4
{()->>>} Qa5 12. a3 f5 $6 (12... f6 13. h4 $14) (12... c5 $5 13. Qd2 b4 14. Nd5
Bxd5 15. exd5 Nd7 $132) 13. exf5 Bxf5 14. Nge2 {׻} Nc7 15. Ng3 Bg4 16. Bd3 $1
d5 (16... Bxd1 17. Qe4 g6 (17... Bg4 18. Qxh7+ Kf7 19. Bg6+ Ke6 20. f5+ Kd7 21.
Qxg7 $16) (17... Bd8 $2 18. Qxh7+ Kf7 19. Bg6+ Ke6 20. f5+ Kd7 21. Qxg7+ $18)
18. Qxe7 Bf3 19. Rf1 $40 {/\Bd4,Qd6} (19. Bd4 {Ftacnik} Rf7 20. Qd8+ Rf8 21.
Qxd6 $40 Bxh1 $2 22. Qe5 Ne8 23. Qe6+ Rf7 24. Qxe8+ Rf8 25. Qe6+ Rf7 26. Bxg6
$18)) 17. f5 $1 Bxd1 18. Nxd1 $44 {->} Bd6 $2 (18... c5 $142 $44 {/\c4}) 19.
Qh4 Ne8 20. Bd4 Qc7 $8 (20... c5 21. Bxg7 $1 Nxg7 22. f6 $18 {->}) 21. f6 gxf6
(21... g6 22. Bxg6 $1 hxg6 23. f7+ Kxf7 $8 24. Qh7+ Ke6 25. Re1+ $18 (25. Re1+
{Ftacnik} Be5 26. Rxe5+ Kd6 27. Re7 $18)) 22. gxf6 Rf7 23. Rg1 $18 Kh8 24. Bxh7
$1 Rxh7 25. f7+ Ng7 26. Bxg7+ (26. Bxg7+ Kxg7 27. Nf5+ (27. Ne4+ {Ftacnik} Kf8
(27... Kxf7 28. Qxh7+) 28. Rg8+ Kxf7 29. Qxh7+ Ke6 30. Ng5+ Ke5 31. Qh8+ Kf5 (
31... Kf4 32. Qd4+ Kf5 33. Ne3#) 32. Ne3+ Kf4 33. Qd4#) 27... Kf8 28. Qxh7 $18)
1-0

[Event "Altensteig"]
[Site "Altensteig"]
[Date "1994.??.??"]
[Round "10"]
[White "Vogt, Lothar"]
[Black "Har Zvi, Ronen"]
[Result "1/2-1/2"]
[WhiteElo "2515"]
[BlackElo "2470"]
[Annotator "Stohl,I"]
[PlyCount "110"]
[EventDate "1994.08.??"]
[EventType "tourn"]
[EventRounds "11"]
[EventCountry "GER"]
[EventCategory "12"]
[SourceTitle "CBM 043"]
[Source "ChessBase"]
[SourceDate "1994.12.01"]
[SourceVersion "1"]
[SourceVersionDate "1994.12.01"]
[SourceQuality "1"]

1. g3 g6 2. Bg2 Bg7 3. d4 Nf6 4. e4 d6 5. Nc3 O-O 6. Nge2 e5 7. h3 c6 (7... Nc6
8. Be3 Bd7 9. O-O a6 $132) 8. a4 (8. O-O b5 $5 $132) 8... Nbd7 9. O-O Qc7 (9...
Re8 10. Re1 Qc7 11. Be3 exd4 12. Nxd4 Nc5 13. Bf4 Nfd7 14. Qd2 Ne5 15. b3 Be6 (
15... Ne6 $5) 16. Rad1 Rad8 17. Nxe6 Nxe6 18. Be3 f5 19. f4 fxe4 $5 20. fxe5 d5
21. Bg5 Nxg5 22. Qxg5 Rxe5 23. Qd2 $16 {Hedke,F-Sulskis,S/Pardubice op/1994/})
(9... exd4 10. Nxd4 Re8 11. Re1 a5 12. Bf4 Nc5 13. Qd2 Nh5 14. Bh6 Bxh6 15.
Qxh6 Qf6 16. Qd2 Ne6 17. Nde2 Bd7 18. g4 Nhg7 19. Qxd6 Rad8 20. Nd5 Qxb2 21.
Rab1 Qxc2 22. Nf6+ Kh8 23. Nxe8 Bxe8 24. Qe5 b5 $44 {Marinkovic,S-Gluzman,M/
Beograd VLA-8B/1991/}) 10. g4 $146 (10. a5 $5 Rb8 11. Be3 b5 12. axb6 axb6 13.
d5 $5 $14) (10. Be3 Re8 (10... b6 11. f4 exd4 12. Nxd4 Ba6 13. Re1 Rad8 14.
Nxc6 $1 Qxc6 15. e5 d5 16. exf6 Nxf6 17. Bd4 Rfe8 18. Rxe8+ Rxe8 19. Kh2 Bb7
20. a5 Ne4 21. Bxg7 Kxg7 22. Qd4+ Qf6 23. Nb5 $16 {Adams,M-Wolff,P/London WFW/
1989/}) 11. Re1 Nf8 12. a5 Ne6 13. d5 Nf8 14. Qd2 cxd5 15. exd5 Bd7 16. Na4
Bxa4 17. Rxa4 N8d7 18. b3 b5 19. axb6 Nxb6 20. Ra5 Nfd7 21. c4 e4 22. Nd4 Nc5
23. Nb5 $36 {Nunn,J-Pfleger,H/Plovdiv/1983/}) 10... exd4 11. Nxd4 Re8 (11...
Nc5 $5 12. Bf4 Nfd7 $132) 12. Bf4 Ne5 13. b3 h5 14. g5 Nh7 15. Be3 $14 Qa5 16.
Nce2 (16. Qd2 $6 c5 $1 17. Ndb5 Bxh3 $1 $36) 16... Nd7 17. Qd2 (17. h4 $5 Nc5 (
17... c5 $6 18. Nb5 Bxa1 19. Qxa1 $44) 18. Ng3 Qc3 19. Re1 $14) 17... Qxd2 18.
Bxd2 Nc5 $5 (18... c5 19. Nb5 Bxa1 20. Nc7 (20. Rxa1 $5 $44) 20... Re7 21. Nxa8
$16) 19. f3 d5 (19... Bd7 $5 20. Rad1 Rad8 {/\Nf8-e6<=>}) 20. exd5 cxd5 21. h4
f6 22. Rae1 (22. f4 $6 Ne4) 22... fxg5 23. hxg5 $14 Ne6 (23... Nf8 $2 24. Nb5
Nfe6 25. Nf4 $36) 24. Nxe6 Bxe6 25. f4 Rac8 $1 (25... Nf8 26. Bc3 $14) 26. c3
Nf8 27. Nd4 Bxd4+ (27... Bf7 28. Nb5 $36) 28. cxd4 Bf7 29. Rxe8 (29. Re5 $5 {/\
} Nd7 30. Rxe8+ Rxe8 31. f5 $14) 29... Rxe8 30. Kf2 (30. f5 Re2 $132) 30... Ne6
31. Re1 $1 (31. Be3 $6 Ng7 $15) 31... Rd8 32. Ke3 Re8 (32... Ng7 33. Rc1 Nf5+
34. Kd3 $14) 33. Kf2 Rd8 34. Be3 $5 (34. Ke3 $10) 34... Ng7 35. Rc1 (35. Bh3 $2
Be6 $15) 35... Nf5 36. Rc7 Re8 37. Bc1 $8 Nxd4 38. Be3 Nxb3 $5 39. Rxf7 (39.
Rxb7 $2 d4 $19) 39... d4 $1 (39... Kxf7 40. Bxd5+ $16) 40. Bxd4 (40. Bd5 dxe3+
41. Ke1 Nd4 42. Re7+ $10) 40... Nxd4 41. Rxb7 (41. Bd5 Re2+ 42. Kf1 Kh8 43.
Rxb7 Rd2 $132 44. Ke1) 41... Re2+ 42. Kf1 Rd2 $1 43. Be4 (43. Rxa7 Nf5 $44 (
43... Ne6 $5)) 43... h4 (43... Ne6 $5) 44. Bxg6 (44. Kg1 $2 Ne2+) (44. Rxa7 h3
45. Bxg6 h2 46. Rh7 Ne6 $1 $10) 44... h3 $44 45. Bh7+ Kh8 46. Be4 h2 47. g6 (
47. Rh7+ $5 Kg8 48. g6 Ne6 49. Ke1 Rd4 50. Bc2 Rxf4 51. Rxh2 (51. Bb3 Rf6 $10)
51... Nd4 $1 52. Bd1 Nf3+ 53. Bxf3 Rxf3 54. Rh7 Rg3 $10) 47... Rd1+ 48. Kf2
h1=Q 49. Bxh1 Rxh1 50. Rxa7 Rh6 $10 51. Rd7 (51. Ke3 Nf5+ 52. Ke4 Nd6+) 51...
Nf5 52. Rh7+ (52. Rd5 Ne7 $10) 52... Rxh7 53. gxh7 Kxh7 54. a5 Nd6 55. a6 Nb5
1/2-1/2

[Event "Las Palmas3"]
[Site "Las Palmas"]
[Date "1993.??.??"]
[Round "7"]
[White "Magem Badals, Jordi"]
[Black "Krasenkow, Michal"]
[Result "1/2-1/2"]
[WhiteElo "2505"]
[BlackElo "2595"]
[Annotator "Stohl,I"]
[PlyCount "56"]
[EventDate "1993.12.??"]
[EventType "tourn"]
[EventRounds "9"]
[EventCountry "ESP"]
[EventCategory "13"]
[SourceTitle "CBM 040"]
[Source "ChessBase"]
[SourceDate "1994.06.01"]
[SourceVersion "1"]
[SourceVersionDate "1994.06.01"]
[SourceQuality "1"]

1. e4 g6 2. d4 Bg7 3. Nc3 d6 4. g3 Nc6 $5 (4... Nf6 5. Bg2 O-O 6. Nge2 {-B07})
5. Be3 (5. d5 Ne5 $13) 5... Nf6 {/\Ng4} 6. h3 O-O 7. Bg2 e5 8. Nge2 a6 (8...
Bd7 9. O-O a6 10. dxe5 (10. a4 exd4 11. Nxd4 Re8 12. Re1 Nb4 13. g4 (13. Qd2 $5
c5 14. Nb3 Qc8 $13 {1/2:1/2/Spasov,V-Stohl,I/Elenite/1992/}) 13... c5 14. Nde2
Bc6 15. Ng3 b6 16. g5 Nd7 17. f4 Nf8 18. Re2 Qc7 19. Qc1 Rad8 20. Nd5 Bxd5 21.
exd5 Rxe3 22. Rxe3 Bd4 $10 {Svidler,P-Hennigan,M/Oakham/1992/}) 10... Nxe5 11.
b3 Re8 $13 12. Nd5 Nxd5 13. exd5 h5 14. Bd4 c5 15. dxc6 Bxc6 16. Bxc6 bxc6 17.
Kg2 Qd7 18. Ng1 c5 19. Bxe5 Rxe5 20. Qf3 Rae8 21. Rad1 Rf5 $15 {Georgiev,
Ki-Hansen,Cu/Biel/1992/}) (8... exd4 9. Nxd4 Nxd4 10. Bxd4 Re8 11. O-O Bd7 12.
Re1 Bc6 13. b4 a6 14. a4 Qc8 15. g4 b6 $5 16. e5 Bxg2 17. exf6 Rxe1+ 18. Qxe1
Bxh3 19. f3 Bxg4 20. fxg7 Bxf3 $13 {Khenkin,I-Zilberman,Y/Tel Aviv/1992/}) (
8... b6 $5 9. O-O Bb7 10. d5 Ne7 11. Qd2 Nd7 12. Bh6 Bxh6 13. Qxh6 Kh8 14. Qd2
f5 15. f4 Nf6 16. Rad1 fxe4 17. fxe5 dxe5 18. Nxe4 Nxe4 19. Rxf8+ Qxf8 20. Bxe4
Nf5 21. Qc3 Qg7 22. Bg2 $10 {1/2:1/2/Suetin,A-Zaitsev,I/Minsk/1993/}) 9. a4 b6
$5 $146 (9... exd4 10. Nxd4 Bd7 11. O-O Re8 12. Re1 Nb4 $5 13. Qd2 c5 14. Nb3
Bc6 15. Bf4 Nh5 16. Bg5 Bf6 17. Bh6 Qc7 18. Nd1 Bd7 19. g4 Ng7 20. c3 Nc6 21.
Ne3 Be6 $132 {Klinger,J-Miles,A/Kusadasi op/1990/}) (9... Rb8 10. O-O (10. a5
$6 exd4 11. Nxd4 Ne5 12. b3 c5 13. Nde2 Nc6 14. O-O Re8 15. f4 Bf5 $1 16. e5
dxe5 17. Bxc6 bxc6 18. fxe5 Bxh3 $17 {Reefschlaeger,H-Bratvold,T/Gausdal Int/
1990/}) 10... exd4 11. Nxd4 Re8 12. a5 $5 Bd7 13. Nb3 Qc8 14. Kh2 Re5 15. g4
Bxg4 $5 16. hxg4 Nxg4+ 17. Kg1 Nxe3 18. fxe3 Rg5 19. Qf3 Ne5 20. Qf2 Qg4 21.
Nd4 $14 {Howell,J-Schulz,W/Hamburg op/1992/}) 10. O-O Bb7 11. f4 (11. d5 Ne7
12. f4 exf4 13. gxf4 c6 $13) (11. Qd2 exd4 12. Nxd4 Nxd4 13. Bxd4 Re8 $10)
11... exd4 12. Nxd4 {/\e5+-} Na5 $5 $132 13. Qd3 (13. b3 Re8 {><e4}) 13... c5
14. Nde2 Re8 {/\Qe7-/+} 15. g4 $8 Qe7 16. Ng3 d5 $1 17. e5 $8 Rad8 $5 (17... d4
18. exf6 $1 (18. Bxd4 Bxg2 19. Kxg2 Qb7+ $1 (19... cxd4 20. exf6 Qb7+ 21. Nce4
Bxf6 22. Kh2 $36) 20. Kh2 cxd4 21. exf6 dxc3 22. fxg7 cxb2 23. Rab1 Rad8 24.
Qc3 Nc4 $1 $17) 18... Qxe3+ 19. Qxe3 Rxe3 20. Bxb7 Nxb7 21. Nce4 Bf8 22. Rfe1
$14) 18. Bf2 (18. exf6 Qxe3+ 19. Qxe3 Rxe3 20. Kf2 (20. fxg7 $2 Rxg3 21. Kf2
Rxg2+ 22. Kxg2 d4+ $19) 20... Bxf6 $1 21. Kxe3 d4+ 22. Kf2 dxc3 $1 $36 {
/\cb2,Rd2}) 18... Ne4 (18... d4 $2 19. exf6 $18) 19. Ncxe4 dxe4 20. Qe2 e3 $5
21. Qxe3 (21. Bxb7 $4 exf2+ $19) (21. Bxe3 $6 Bxe5 $1 22. fxe5 (22. Bxb7 Bxb2
23. Be4 Bxa1 24. Rxa1 f5 25. gxf5 gxf5 26. Qg2 $5 (26. Nxf5 Qxe4 27. Qg4+ Kf7
28. Qh5+ Ke6 29. Ng7+ Kd7 $17) 26... Kh8 27. Nxf5 Qf6 $1 28. Re1 (28. Kh2 Qxa1
29. Bd4+ Qxd4 $8 30. Nxd4 Rxd4 $36) 28... Rg8 29. Ng3 Rxg3 $1 30. Qxg3 Rg8 $17)
22... Qxe5 $36) 21... Nc4 22. Qe2 Bxg2 23. Kxg2 Nd2 24. Rfd1 Qb7+ 25. Kg1 Nf3+
$10 26. Kf1 Nh2+ 27. Kg1 Nf3+ 28. Kf1 Nh2+ 1/2-1/2

[Event "Las Palmas3"]
[Site "Las Palmas"]
[Date "1993.??.??"]
[Round "6"]
[White "Yudasin, Leonid"]
[Black "Van Wely, Loek"]
[Result "1-0"]
[WhiteElo "2605"]
[BlackElo "2585"]
[Annotator "Stohl,I"]
[PlyCount "105"]
[EventDate "1993.12.??"]
[EventType "tourn"]
[EventRounds "9"]
[EventCountry "ESP"]
[EventCategory "13"]
[SourceTitle "CBM 040"]
[Source "ChessBase"]
[SourceDate "1994.06.01"]
[SourceVersion "1"]
[SourceVersionDate "1994.06.01"]
[SourceQuality "1"]

1. e4 d6 2. d4 Nf6 3. Nc3 g6 4. Be3 Bg7 5. Qd2 c6 6. f3 Nbd7 (6... b5 $5 7. g4
h5 (7... Nbd7 8. a4 b4 9. Nce2 a5 10. g5 Nh5 11. Ng3 Nxg3 12. hxg3 c5 13. Rd1
Qc7 14. Bb5 Ba6 15. Bxd7+ Qxd7 16. dxc5 Bxb2 17. Bd4 Bxd4 18. Qxd4 O-O-O 19.
Rh2 dxc5 20. Qxc5+ Qc7 21. Rxd8+ Rxd8 22. Qxc7+ Kxc7 23. Rxh7 Bc4 $44 {Mokry,
K-Jansa,V/Warsaw zt-A/1987/}) 8. g5 Nfd7 9. f4 Bb7 10. Bg2 Nb6 11. b3 N8d7 12.
Nh3 O-O $6 (12... b4 {/\c5<=>}) 13. f5 Re8 14. O-O e5 15. d5 Qc7 16. dxc6 Bxc6
17. Rad1 Bf8 18. Qf2 Nc5 19. Nd5 Bxd5 20. exd5 Rad8 21. Kh1 Nc8 22. c3 Bg7 23.
Qc2 Kh7 24. Bxc5 dxc5 25. Be4 $16 {Maggem Badals,J-Izeta,F/Pamplona 9394/1993/}
) 7. g4 (7. O-O-O b5 8. g4 Nb6 9. Bd3 Nc4 10. Bxc4 bxc4 11. Nge2 Qa5 12. Kb1
Rb8 13. h4 h5 14. e5 dxe5 15. dxe5 Nd5 16. Nxd5 Qxd5 17. Bxa7 Qxd2 18. Rxd2 Rb7
$36 {Roskar,R-Pirs,M/SLO-chJ/1993/}) 7... e5 (7... b5 8. g5 $5 (8. a4 b4 9.
Nce2 a5 10. g5 Ng8 11. h4 h6 12. gxh6 Bxh6 13. Bxh6 Rxh6 14. O-O-O e6 15. h5
Rxh5 16. Rxh5 gxh5 17. Ng3 h4 18. Nh5 Qe7 19. Nh3 Bb7 20. Ng7+ Kd8 21. Ng5 Kc7
22. Bh3 $36 {Tischbierek,R-Meurrens,P/Ostende op/1992/}) 8... Nh5 9. Nge2 {
/\Ng3|^}) 8. h4 (8. dxe5 dxe5 9. O-O-O h5 10. g5 Nh7 11. Bh3 Qe7 12. f4 exf4
13. Bxd7+ Qxd7 14. Qe1 Qc7 15. Bc5 Nxg5 16. Qh4 Ne6 17. Bd6 Qd8 $17 {Popov,
A-Shvirev,I/Voroshilovgrad/1989/}) 8... O-O 9. h5 $146 (9. O-O-O b5 10. h5 exd4
$5 11. Bxd4 b4 12. Nb1 Qa5 (12... c5 $5 13. Be3 Qa5 $132) 13. hxg6 hxg6 14. a3
c5 15. axb4 Qa2 16. bxc5 Rb8 17. Qh2 Rd8 18. c6 $18 {Sveshnikov,E-Van Wely,L/
Biel izt/1993/}) 9... exd4 10. Bxd4 Ne5 11. hxg6 (11. O-O-O Qe7 12. Be3 d5 $5
$44) 11... fxg6 (11... hxg6 12. Qh2 $40) 12. O-O-O (12. Bxe5 $5 dxe5 13. Bc4+
Kh8 14. Qxd8 Rxd8 15. Nh3 Bf8 16. Ng5 Kg7 17. Nf7 Re8 18. O-O-O {/\Nd6} b5 19.
Bb3 a5 $132) 12... Qe7 $13 13. Be3 $6 (13. Be2 $142 {/\Nh3,g5,f4}) 13... Be6 $1
14. Be2 (14. Qxd6 Qxd6 15. Rxd6 Bxg4 $1 {/\} 16. fxg4 $2 Nfxg4 $19) 14... Rad8
15. Bh6 d5 $36 16. Bxg7 Qxg7 17. Nh3 d4 (17... dxe4 $2 18. Qxd8 Rxd8 19. Rxd8+
Kf7 20. Ng5+ Ke7 21. Rb8 $16) 18. Ng5 Qe7 (18... dxc3 $2 19. Qxd8 $18) (18...
Bc4 19. f4 $1 dxc3 (19... Bxe2 20. Nxe2 {/\Ne6}) 20. Qxd8 cxb2+ 21. Kb1 Bxe2
22. fxe5 Bxd1 23. Qxd1 $16) 19. Nb1 $8 Bxa2 $6 (19... Bc8 20. Rh2 $132 {/\Rdh1}
(20. f4 Nexg4 21. e5 Nh5 $17)) 20. f4 $1 d3 (20... Nexg4 21. Bxg4 Nxg4 22. Rxh7
$40) (20... Nf7 21. e5 $16) 21. Bxd3 (21. cxd3 Qc5+ 22. Qc3 (22. Nc3 $2 Nc4 $36
) 22... Qe3+ $15) 21... Nexg4 (21... Nxd3+ 22. cxd3 $36 {[+],-><->h}) 22. Nc3
Be6 (22... Bf7 23. Rh4 $5 $44 (23. e5 Nh5 24. Nxh7 $5 Rxd3 25. Qxd3 Nf2 $13))
23. Qe2 $1 $36 {/\e5,f5} b5 24. f5 (24. e5 Rxd3 $5 (24... Nh5 25. Nxe6 Qxe6 26.
f5 $16) 25. Rxd3 Nh5 $14) 24... Rxd3 25. Rxd3 (25. cxd3 $5 Bb3 26. Nxh7 $16)
25... Bc4 26. Nxh7 $1 Bxd3 27. cxd3 Nxh7 (27... Rd8 28. Nxf6+ Nxf6 29. e5 $40 {
+-}) 28. Qxg4 Rf6 29. Ne2 $1 {/\Nf4} (29. fxg6 $6 Nf8 $16) 29... Nf8 30. Nf4
Qg7 (30... Kf7 31. Nxg6 Nxg6 32. Rh7+ $18) 31. Rg1 {/\Nh5} Kf7 32. Kb1 (32. Nh5
$2 Qh6+) 32... Qh6 33. Nxg6 Nxg6 34. fxg6+ Rxg6 $8 35. Qd7+ Kg8 (35... Kf6 36.
Rf1+ Ke5 37. Rf5#) 36. Qc8+ Kh7 37. Qc7+ Qg7 (37... Rg7 38. Rxg7+ Qxg7 39. Qxc6
$18) 38. Rh1+ Kg8 39. Qb8+ Kf7 (39... Qf8 $2 40. Rh8+ $1 $18) 40. Qxa7+ Ke6 41.
Qc5 $18 {ע,P} Kf7 (41... Kd7 $2 42. Rh7 $1 $18) 42. Rf1+ Kg8 43. Qf5 {/\Qc8}
Rg1 44. Rxg1 Qxg1+ 45. Kc2 Qh2+ 46. Kc3 Qd6 (46... Qh8+ 47. d4 $18) 47. b4 $1
Qh6 48. Qc8+ Kf7 49. Qd7+ Kf8 50. Kd4 Qc1 (50... Qf6+ 51. Kc5 Qc3+ 52. Kb6 Qxb4
53. Kxc6 $18 {/\Qf5-b5}) 51. Ke5 Qb2+ 52. Qd4 Qh2+ 53. Ke6 {/\Qd6,Kd7><c6} 1-0

[Event "Interzonal-16"]
[Site "Biel"]
[Date "1993.??.??"]
[Round "6"]
[White "Kramnik, Vladimir"]
[Black "Speelman, Jonathan S"]
[Result "1-0"]
[WhiteElo "2710"]
[BlackElo "2605"]
[Annotator "Stohl,I"]
[PlyCount "107"]
[EventDate "1993.07.16"]
[EventType "swiss"]
[EventRounds "13"]
[EventCountry "SUI"]
[SourceTitle "CBM 037"]
[Source "ChessBase"]
[SourceDate "1993.12.01"]
[SourceVersion "1"]
[SourceVersionDate "1993.12.01"]
[SourceQuality "1"]

1. d4 {Wedberg Kramnik} d6 2. e4 Nf6 3. f3 e5 (3... d5 $5 4. e5 Nfd7 5. c4 dxc4
6. Bxc4 e6 $13) 4. dxe5 (4. d5 c6 5. c4 Be7 6. Be3 O-O 7. Qd2 (7. Nc3 cxd5 8.
cxd5 Nh5 9. Qd2 a6 10. g3 b5 11. Bh3 Nd7 12. b3 g6 13. Nge2 b4 $6 14. Na4 Nc5
15. Bxc8 Rxc8 16. Nxc5 dxc5 17. O-O f5 18. Qd3 $16 {Ionescu,Co-Bogdan,D/
Bucharest Tim/1993/}) 7... b5 $6 8. Nc3 bxc4 9. Bxc4 Bb7 10. Nge2 Nbd7 11. dxc6
Bxc6 12. O-O Nb6 13. Bxb6 Qxb6+ 14. Kh1 Rac8 15. b3 Bd7 16. Ng3 g6 17. Rac1 $14
{Alterman,B-Lukin,A/Rostov op/1993/}) 4... dxe5 5. Qxd8+ Kxd8 6. Bc4 Ke8 (6...
Be6 7. Bxe6 fxe6 8. Nh3 Bc5 (8... Bd6 $142) 9. Nf2 Bxf2+ 10. Kxf2 Nc6 11. Be3
Ke7 12. Na3 a6 13. c3 Rhd8 14. Ke2 h6 15. Nc2 Rd7 16. Rhd1 Rad8 17. Rxd7+ Rxd7
18. Ne1 Ne8 19. Nd3 $14 {_|_|^<<,Yusupov,A-Christiansen,L/Las Palmas/1993/}) 7.
Be3 (7. h4 $6 Nbd7 8. Be3 Bc5 9. Kf2 a5 10. a4 Ke7 11. Nd2 Bxe3+ 12. Kxe3 Nb6
13. Bb3 Nfd7 14. Nc4 Nxc4+ 15. Bxc4 Nb6 16. Bb5 Rd8 17. Ne2 c6 18. Bd3 Be6 19.
Rhd1 Rd6 $15 {Priehoda,V-Mokry,K/Hlohovec op/1993/}) (7. Bg5 Nbd7 8. Nd2 Be7 9.
Ne2 Nb6 10. Bb3 Nfd7 11. Be3 Bc5 12. Nf1 a5 13. a3 c6 14. O-O-O Bxe3+ 15. Nxe3
Nc5 16. Ba2 g6 17. h4 Ke7 18. h5 Be6 19. Bxe6 Nxe6 20. g3 Rhd8 $10 {Kortchnoi,
V-Speelman,J/Antwerpen/1993/}) (7. Nc3 c6 8. Nge2 Nbd7 9. a4 a5 10. Be3 Bc5 11.
Kf2 Ke7 12. Nc1 Bxe3+ 13. Kxe3 Nc5 14. Nd3 Nxd3 15. Kxd3 Nd7 16. Ke3 Nc5 17.
Rhd1 f6 18. Rd2 Rd8 19. Rad1 Rxd2 20. Rxd2 Bd7 $10 {Levitt,J-Adams,M/London LB/
1990/}) 7... Nbd7 8. Nd2 $5 {N} (8. Nc3 Bc5 (8... c6 $10 {Kramnik}) 9. Bxc5
Nxc5 10. Nb5 Na6 11. O-O-O Ke7 12. Ne2 Be6 13. Bxe6 Kxe6 14. g4 Rhd8 15. h4 c6
16. Nbc3 Ke7 17. h5 Rxd1+ 18. Nxd1 Nc5 19. Ne3 g6 $10 {Cebalo,M-Hartoch,R/Bad
Woerishofen/1991/}) 8... Bc5 9. Bg5 h6 10. Bh4 Be7 (10... g5 $6 11. Bf2 $14 {׻
}) 11. Bf2 (11. O-O-O $2 {Kramnik} Nxe4) 11... Bc5 (11... Nh5 $1 {Kramnik} 12.
Ne2 Nf4 13. Nxf4 exf4 $10) 12. Nh3 Bxf2+ (12... c6 $5 13. a4 a5 $10) (12... Bb6
$1 $10 {Kramnik /\ Nc5}) 13. Nxf2 Ke7 14. O-O-O $14 Nc5 (14... Nb6 15. Nd3 Nfd7
16. Bb3 $36) (14... c6 $5 $14) (14... Ne8 {Kramnik} 15. Nd3 $14) 15. b4 Na4 16.
Bb3 (16. Nb3 {Kramnik} a5 $5) 16... Nc3 (16... Nb6 17. Nd3 Nfd7 18. c4 $16 {()}
) 17. Rde1 Be6 (17... a5 {Kramnik} 18. bxa5 Nd7 (18... Rxa5 19. Nc4 Rb5 20. Kd2
$18) 19. Nd3 f6 20. Kb2 Nb5 21. f4 $1 $16) 18. Kb2 Nb5 (18... Bxb3 19. Kxb3 Nb5
20. c3 $14) 19. Nd3 Nd7 20. Bxe6 Kxe6 21. a4 Nd6 22. c4 b6 (22... Rhd8 23. c5
Ne8 24. Nc4 $36) (22... f6 {Kramnik} 23. c5 Nf7 24. Nc4 $16) 23. c5 $1 bxc5 24.
bxc5 Nb7 $5 (24... Nc8 25. Nc4 f6 26. f4 $5 $16) 25. Nb3 $1 (25. c6 $2 Nbc5 26.
Nxc5+ Nxc5 $15) 25... Nb8 (25... c6 $142 26. Kc3 $14) (25... Nd8 {Kramnik} 26.
Na5 $1 Nb8 27. Nb4 $16) 26. Nb4 a5 (26... c6 27. Rd1 $16 (27. a5 {Kramnik} a6
$16)) 27. c6 $5 (27. Nd5 Rc8 {/\Nc6-b4<=>}) (27. Nd5 $16 {Kramnik}) 27... Nd8
$8 (27... axb4 28. cxb7 Ra7 29. Rc1 c6 30. Rc4 $18) (27... Nd6 {Kramnik} 28.
Nd5 Nxc6 $2 29. Nc5#) 28. Nd5 Ra7 29. Nc3 $1 Ra8 (29... Nbxc6 30. Nb5 $18 {
/\Nc7,Nc5} (30. Nb5 {Wedberg} Rb7 31. Nc5+)) 30. Nb5 Na6 $8 31. Nxa5 (31. Rc1
$1 {Kramnik} Kf6 32. Rhd1 Ne6 33. Rd7 Rhb8 34. Rc4) (31. Rc1 $16 {Wedberg})
31... Kf6 $1 {/\Nc5} 32. Ka3 (32. Nb3 Nxc6 33. Rc1 Nab4 $13) (32. Rc1 $1 {
Kramnik} Nb4 $6 33. Ka3 Nd3 34. Rc3 Nf2 35. Rf1 $18) 32... Nc5 33. Rc1 (33. Nb3
$2 {Wedberg} Rxa4+ 34. Kb2 Rb4 $19) (33. Nb7 $2 {Wedberg} Ndxb7 34. cxb7 Rxa4+
35. Kb2 Rb4+ $19) 33... Nde6 34. Rxc5 $1 $8 Nxc5 35. Nxc7 Rxa5 36. Kb4 Rxa4+ (
36... Nb7 $1 {Kramnik} 37. Nb5 $5 Ra6 38. cxb7 Rb8 39. Rc1 Rxb7 40. a5 $10) (
36... Na6+ {Kramnik} 37. Kxa5 Nxc7 38. Kb6 $36 (38. Kb6 {Wedberg} Ne8 (38...
Ne6 39. c7 Ra8 40. Ra1 $18) 39. Rd1 $18)) 37. Kxc5 $44 Ra2 38. Nd5+ Ke6 39.
Nc7+ Kf6 40. Nd5+ Ke6 41. Rc1 $1 Rc8 (41... Rb8 $6 {Kramnik} 42. c7 Ra5+ 43.
Kc4 Rc8 (43... Ra4+ 44. Kd3 $18) 44. Kb4 Rxd5 $1 $8 45. exd5+ Kd7 46. g4 $1 g6
(46... Rxc7 47. Rxc7+ Kxc7 48. Kc5 $18) 47. h4 $1 f5 (47... Rxc7 48. Rxc7+ Kxc7
49. Kc5 Kd7 50. d6 f5 51. h5 $1 gxh5 (51... fxg4 52. hxg6 gxf3 53. g7 f2 54.
g8=Q f1=Q 55. Qg7+ $18) 52. gxf5 h4 53. f6 Ke6 54. Kc6 h3 55. d7 h2 56. d8=Q
h1=Q 57. Qe7+ Kf5 58. f7 Qxf3+ 59. Kd7 $18) 48. Rc6 $1 $16) (41... Rxg2 $2 {
Kramnik} 42. f4 $3 (42. c7 {Wedberg} Rxh2 43. Nb6 Rf2 44. Rc3 f5 $10) 42... f6
$8 (42... g6 43. f5+ $1) 43. f5+ Kf7 44. c7 $18) (41... g6 $1 $14 {Kramnik /\
f5, Rg2}) 42. c7 Rxg2 (42... Kd7 43. Nb6+ Kxc7 44. Kb5+ Kb7 45. Nxc8 $18) 43.
Kc6 $18 Rxh2 44. Kb7 Rxc7+ (44... Rh8 45. Rc6+ Kd7 46. Nb6+ Ke7 47. c8=Q Rxc8
48. Nxc8+ $18) 45. Rxc7 (45. Kxc7 $6 {Kramnik} f6 $1 {/\ Kf7-g6-g5<=>}) 45...
f5 (45... Rf2 46. Re7+ $18) 46. Rc6+ Kf7 47. exf5 Rf2 48. Rc7+ Kg8 (48... Kf8 {
Kramnik} 49. Kc6 Rxf3 50. Kd6 Rxf5 51. Ke6 $18) 49. Kc6 Rxf3 50. Kd6 e4 51. f6
$1 e3 (51... gxf6 52. Ke6 e3 (52... h5 {Kramnik} 53. Nxf6+ Rxf6+ 54. Kxf6 e3
55. Re7 $18) 53. Nxf6+ {/\Rf7,Rh7#} (53. Nxf6+ {Wedberg} Kf8 54. Rf7#)) 52.
Rxg7+ Kf8 53. Re7 h5 54. Rxe3 1-0